Culture Générale - Série 664 - Statistiques

Statistiques générales
  • Ce quiz a été pris 144 fois
  • Le résultat moyen est 5 sur 10
Statistiques - réponses
Question Réponse % Correct
De quelle unité de puissance électrique le "W" est-il le symbole ? watt
96%
Quel conifère peut être “maritime” ou “parasol” ? pin
87%
D'une personne qui tombe souvent amoureuse, on dit qu'elle a un coeur... d'artichaut
74%
Par opposition à la préface, que trouve-t-on à la fin d'un livre ? postface
45%
Comment se prénomme le cow-boy, héros et ami de Buzz l'éclair, dans les films d'animation : "Toy Story" ? Woody
43%
Quel était le prénom de l'éditeur, père du comédien et animateur Patrice Laffont ? Robert
35%
De quelle maison royale fait partie le roi d'Espagne Juan Carlos ? Bourbon
33%
Quel roman de Balzac se déroule à la maison Vauquer ? Le père Goriot
33%
Quel est l'auteur, prénommé Pierre, du roman “La Planète des singes” ? Pierre Boulle
32%
Quel mot, issu de la langue malinké, désigne un xylophone africain, formé de lames de bois et de calebasses ? balafon
4%
Aucun quiz correspondant
Distribution des résultats
% des personnes avec chaque résultat
Percentile par nombre de réponses
Votre historique - résultats
Vous n’avez pas pris ce quiz